Deutsche Nationalmannschaft – Expertenmodus 🇩🇪⚽ - Statistiken

Allgemein
  • Dieses Quiz wurde 113 mal gespielt
  • Das Durchschnittsergebnis liegt bei 11 aus 15
Antwortstatistiken
Hint Antwort % Korrekt
Welche deutsche Stadt war Austragungsort des WM-Finales 2006? Berlin
90%
In welchem Land fand die WM 2006 statt? Deutschland
89%
Welcher Spieler schoss beim WM-Finale 1954 das 3:2? Helmut Rahn
89%
Welcher Spieler erzielte den entscheidenden Treffer gegen Argentinien im WM-Finale 2014? Mario Götze
89%
Wie heiĂźt der Spieler mit den meisten Toren in der Geschichte der deutschen Nationalmannschaft? Miroslav Klose
89%
Wie viele Tore schoss Gerd MĂĽller bei der WM 1970? 10
84%
Wer war Trainer der DFB-Elf beim Confed Cup 2005? JĂĽrgen Klinsmann
81%
Wie heiĂźt der ungeliebte Spitzname der Nationalmannschaft, der 2015 eingefĂĽhrt wurde? Die Mannschaft
79%
Welche Nationalmannschaft besiegte Deutschland bei der WM 2018 mit 2:0? SĂĽdkorea
78%
Wie heißt das Stadion, das nach dem Kapitän von 1954 benannt ist? Fritz-Walter-Stadion
69%
Wie heiĂźt der einzige deutsche Trainer, der als Spieler und Trainer Europameister wurde? Berti Vogts
55%
Welcher deutsche Spieler wurde bei der EM 1996 zum besten Spieler des Turniers gewählt? Matthias Sammer
50%
Welcher Spieler stand 2014 in jedem Spiel auf dem Platz und wurde trotzdem selten erwähnt? Jerome Boateng
45%
Gegen wen schied Deutschland 1938 bei der WM in der ersten Runde aus? Schweiz
40%
Wer kommentierte das „Wunder von Bern“ im Radio? Herbert Zimmermann
35%
Keine ĂĽbereinstimmenden Quizze gefunden
Verteilung der Resultate
Anzahl Personen mit jedem Resultat
Perzentil nach korrekt beantworteten Fragen
Ihre Resultats-Entwicklung
Sie haben dieses Quiz noch nicht gespielt